Tính toán thủy lợi
Những tài liệu cơ bản trong tính toán thủy lợi và đặc điểm của các ngành dùng nước
Shranjeno v:
| Glavni avtor: | |
|---|---|
| Drugi avtorji: | , |
| Format: | Knjiga |
| Jezik: | Vietnamese |
| Izdano: |
Hà Nội
Đại học Quốc Gia Hà Nội
2001
|
| Teme: | |
| Oznake: |
Označite
Brez oznak, prvi označite!
|
| Thư viện lưu trữ: | Trung tâm Học liệu Lê Vũ Hùng, Trường Đại học Đồng Tháp |
|---|
| LEADER | 01322pam a22002778a 4500 | ||
|---|---|---|---|
| 001 | 00028147 | ||
| 005 | 20171026081023.0 | ||
| 008 | 120220s2001 ||||||viesd | ||
| 020 | |c 23700 | ||
| 041 | 0 | # | |a vie |
| 082 | 1 | 4 | |b T312T |a 627 |
| 100 | 1 | # | |a Nguyễn, Văn Tuần |
| 245 | 1 | 0 | |a Tính toán thủy lợi |c Nguyễn Văn Tuần,Trịnh Quang Hòa, Nguyễn Hữu Khải |
| 260 | # | # | |a Hà Nội |b Đại học Quốc Gia Hà Nội |c 2001 |
| 300 | # | # | |a 195tr. |b hình vẽ |c 27cm. |
| 504 | # | # | |a Thư mục tr.195 |
| 520 | # | # | |a Những tài liệu cơ bản trong tính toán thủy lợi và đặc điểm của các ngành dùng nước |
| 653 | # | # | |a Thủy lợi |
| 700 | 1 | # | |a Nguyễn, Hữu Khải |
| 700 | 1 | # | |a Trịnh, Quang Hà |
| 852 | # | # | |b Kho giáo trình |j KGT.0034117, KGT.0034118, KGT.0034119, KGT.0034120, KGT.0034121, KGT.0034122, KGT.0034123, KGT.0034124, KGT.0034125, KGT.0034126 |
| 852 | # | # | |b Kho mượn |j KGT.0034117 |
| 852 | # | # | |b Kho đọc |j KD.0012511 |
| 852 | # | # | |j KGT.0034118 |j KGT.0034120 |j KGT.0034121 |j KGT.0034123 |j KGT.0034124 |j KGT.0034126 |j KD.0012511 |j KGT.0034117 |j KGT.0034119 |j KGT.0034122 |j KGT.0034125 |
| 910 | 0 | # | |a Bích Vân |d 20/02/2012 |
| 980 | # | # | |a Trung tâm Học liệu Lê Vũ Hùng, Trường Đại học Đồng Tháp |